| 000 | 01102nam a22002897a 4500 | ||
|---|---|---|---|
| 005 | 20170327141415.0 | ||
| 008 | 151204b mx ||||| |||| 00| 0 spa d | ||
| 020 | _a9707014334 | ||
| 050 | 0 | 4 |
_aHM 881 _bA77 2004 |
| 050 | 0 | 4 |
_aHV6485.L29 _bR48 2004 |
| 245 | 0 | 0 |
_aRevuelta en las ciudades _b : políticas populares en América Latina _c / Anthony Mcfarlane,...[et al.] ; Silvia Marina Arrom, Servando Ortoll (coordinadores), |
| 250 | _a1a ed. | ||
| 260 |
_aMéxico : _bMiguel Ángel Porrúa |
||
| 260 | _bUniversidad Autónoma Metropolitana | ||
| 260 |
_bEl Colegio de Sonora, _c2004 |
||
| 300 |
_a302 p. _c21 cm. |
||
| 490 | 0 |
_aBiblioteca de Signos ; _vNúmero: 27 |
|
| 504 | _aBibliografía : p. 299-302 | ||
| 650 | 7 |
_2lemb _aTumultos _zAmérica latina |
|
| 650 | 4 |
_aDisturbios _zAmérica latina |
|
| 650 | 7 |
_2lemb _aPobreza urbana _xHistoria _zAmérica latina |
|
| 650 | 7 |
_2lemb _aCiudades y pueblos _xHistoria _zAmérica latina |
|
| 700 | 1 |
_aArrom, Silvia Marina _ecoaut. y coord. |
|
| 700 | 1 |
_aOrtoll, Servando _ecoaut. y coord. |
|
| 700 | 1 |
_aMcfarlane, Anthony _ecoaut. |
|
| 942 |
_2lcc _cLIB |
||
| 999 |
_c110216 _d110216 |
||